| 000 | 00704cam a22002537a 4500 | ||
|---|---|---|---|
| 003 | CHAP | ||
| 005 | 20220329135521.0 | ||
| 008 | 971013s1965 r 00010 d | ||
| 010 | _a37907 | ||
| 011 | _a38879 | ||
| 035 | _a42999 | ||
| 040 | _cCHAP | ||
| 090 | _aFolleto 174 | ||
| 100 | 0 | 0 |
_aMiller, Arthur P. _975740 |
| 245 | 1 | 3 | _aEl agua y la salud del hombre |
| 260 |
_aMéxico, D.F. : _bCentro Regional de Ayuda Técnica, _c1965 |
||
| 300 | _a108 p | ||
| 590 |
_aBATCH-UPD _b10 _c20130110 _lUCH01 _h1317 |
||
| 590 |
_aCONVERSION _b10 _c20130109 _lUCH01 _h1321 |
||
| 650 | 1 | 4 |
_aAgua _xAbastecimiento. _92223 |
| 901 | _aBK | ||
| 942 | _cFOLL | ||
| 949 |
_aFolleto 174 _bBC _cFOLL _d-98809 _eTS1 _i42999 _si |
||
| 999 |
_c37907 _d37907 |
||